000 00184nam a2200073Ia 4500
008 170817s9999 xx 000 0 und d
100 _aMathur.K.P
245 0 _aShiksha Ke Siddhant
260 _bVinod Pustak Mandir Agara
999 _c39606
_d39606